[Event "AUT-chT 1415"]
[Site "Austria"]
[Date "2015.03.21"]
[Round "11.6"]
[White "Moser, Eva"]
[Black "Sebenik, Matej"]
[Result "1/2-1/2"]
[WhiteElo "2453"]
[BlackElo "2516"]
[PlyCount "60"]
[EventDate "2014.11.20"]
[EventType "team-tourn"]
[EventRounds "11"]
[EventCountry "AUT"]
[SourceTitle "EXT 2016"]
[Source "ChessBase"]
[SourceDate "2015.10.08"]
[SourceVersion "1"]
[SourceVersionDate "2015.10.08"]
[SourceQuality "1"]
[WhiteTeam "Wolfsberg"]
[BlackTeam "Raika Feffernitz"]
[WhiteTeamCountry "AUT"]
[BlackTeamCountry "AUT"]

1. Nf3 c5 2. g3 Nc6 3. d4 e6 4. Bg2 d5 5. O-O Nf6 6. b3 Bd6 7. dxc5 Bxc5 8. Bb2
O-O 9. c4 dxc4 10. Qc1 Qe7 11. Nbd2 Bd7 12. Nxc4 Rfd8 13. Nfe5 Nxe5 14. Bxe5
Bb5 15. Qg5 Bxc4 16. Bxf6 Qxf6 17. Qxf6 gxf6 18. bxc4 Rab8 19. Rfd1 b6 20. e3
Kf8 21. Bf3 Ke7 22. Rxd8 Rxd8 23. Rd1 Rc8 24. Be2 f5 25. Kg2 h6 26. h3 Bd6 27.
Rb1 Rc5 28. Rb5 Rc8 29. Rb1 Rc5 30. Rb5 Rc8 1/2-1/2

[Event "AUT-chT 1415"]
[Site "Austria"]
[Date "2015.03.20"]
[Round "10.2"]
[White "Horvath, Maria"]
[Black "Moser, Eva"]
[Result "1-0"]
[WhiteElo "2013"]
[BlackElo "2453"]
[PlyCount "167"]
[EventDate "2014.11.20"]
[EventType "team-tourn"]
[EventRounds "11"]
[EventCountry "AUT"]
[SourceTitle "EXT 2016"]
[Source "ChessBase"]
[SourceDate "2015.10.08"]
[SourceVersion "1"]
[SourceVersionDate "2015.10.08"]
[SourceQuality "1"]
[WhiteTeam "Pamhagen"]
[BlackTeam "Wolfsberg"]
[WhiteTeamCountry "AUT"]
[BlackTeamCountry "AUT"]

1. d4 Nf6 2. c4 g6 3. Nc3 Bg7 4. e4 O-O 5. Be3 c6 6. e5 Ne8 7. Qd2 d6 8. f4
dxe5 9. fxe5 c5 10. d5 Bxe5 11. Bxc5 Bg7 12. Nf3 Bg4 13. Be2 Bxf3 14. gxf3 Nd7
15. Bd4 Ndf6 16. O-O Nd6 17. Bd3 Nh5 18. Bxg7 Nxg7 19. c5 Ndf5 20. Be4 a5 21.
Rac1 Ra6 22. Bd3 Ra8 23. Be4 a4 24. Ne2 Qc7 25. Rfd1 Rfd8 26. Qg5 Qe5 27. Nd4
h6 28. Qd2 Nxd4 29. Qxd4 Qg5+ 30. Kh1 Ne6 31. Qg1 Qxg1+ 32. Rxg1 Nf4 33. Rcd1
Kf8 34. d6 Rab8 35. d7 Ne6 36. Rd5 Nc7 37. Rd4 Ne6 38. Rd5 Nc7 39. Rd2 e6 40.
c6 b5 41. f4 Ke7 42. Rc1 f5 43. Bf3 g5 44. Rd4 Kf6 45. Rc5 Rg8 46. Rb4 Ke7 47.
Rc1 Kf6 48. Rc5 Ke7 49. Rc1 Rbf8 50. Rc5 Kd6 51. Rc1 gxf4 52. Rxf4 e5 53. Rh4
Rf6 54. Rb4 Rb8 55. a3 Ke7 56. Rc5 Kd6 57. Rc1 Rff8 58. b3 axb3 59. Rxb3 Rfd8
60. Be2 e4 61. Rh3 Rh8 62. Rg3 Rhg8 63. Rd1+ Ke7 64. Rb3 Rb6 65. Rc3 Rbb8 66.
Rc5 Rgf8 67. Re5+ Kf6 68. Rxb5 Rxb5 69. Bxb5 Ke7 70. a4 f4 71. Rd4 e3 72. Kg1
Kd8 73. Re4 h5 74. Bc4 Rf5 75. a5 Rf6 76. a6 Rxc6 77. Rxf4 Rg6+ 78. Kf1 Nxa6
79. Bb5 Rd6 80. Rf8+ Kc7 81. Rc8+ Kb6 82. d8=Q+ Rxd8 83. Rxd8 Kxb5 84. Ke2 1-0

[Event "AUT-chT 1415"]
[Site "Austria"]
[Date "2015.03.19"]
[Round "9.5"]
[White "Moser, Eva"]
[Black "Tischbierek, Raj"]
[Result "0-1"]
[WhiteElo "2453"]
[BlackElo "2414"]
[PlyCount "128"]
[EventDate "2014.11.20"]
[EventType "team-tourn"]
[EventRounds "11"]
[EventCountry "AUT"]
[SourceTitle "EXT 2016"]
[Source "ChessBase"]
[SourceDate "2015.10.08"]
[SourceVersion "1"]
[SourceVersionDate "2015.10.08"]
[SourceQuality "1"]
[WhiteTeam "Wolfsberg"]
[BlackTeam "Salzburg"]
[WhiteTeamCountry "AUT"]
[BlackTeamCountry "AUT"]

1. e4 e6 2. d3 d5 3. Nd2 c5 4. g3 Nc6 5. Bg2 Nf6 6. Ngf3 Be7 7. O-O O-O 8. Re1
b5 9. e5 Nd7 10. Nf1 b4 11. h4 a5 12. h5 h6 13. N1h2 Re8 14. Bf4 a4 15. Qd2 a3
16. b3 Nf8 17. Ng4 Nh7 18. Bh3 Kh8 19. Kh1 Bd7 20. Rg1 Rf8 21. Rae1 Na7 22.
Ngh2 Nb5 23. g4 Ng5 24. Nxg5 hxg5 25. Bg3 Nd4 26. f4 f6 27. fxg5 fxg5 28. Rgf1
Bc6 29. Bg2 Qd7 30. Bf2 Nb5 31. Be3 Nc3 32. Bxg5 Rxf1+ 33. Rxf1 Rf8 34. Ra1
Bxg5 35. Qxg5 d4 36. h6 Bxg2+ 37. Kxg2 Qb7+ 38. Kh3 Rf2 39. Rg1 Ne2 40. Qxg7+
Qxg7 41. hxg7+ Kxg7 42. Rh1 Nc3 43. Kg3 Rxc2 44. Nf3 Ne2+ 45. Kh4 Rxa2 46. Ng5
Nf4 47. Rf1 Ng6+ 48. Kg3 Nxe5 49. Nxe6+ Kg6 50. Nf8+ Kh6 51. Rf6+ Kg7 52. g5
Re2 53. Ne6+ Kh7 54. Nxc5 Nxd3 55. Rh6+ Kg8 56. Rg6+ Kf7 57. Rf6+ Ke7 58. Nxd3
Re3+ 59. Kg4 Rxd3 60. Rf1 Rxb3 61. g6 Rc3 62. g7 Rc8 63. Kg5 Rg8 64. Kg6 b3 0-1

[Event "AUT-chT 1415"]
[Site "Austria"]
[Date "2015.03.01"]
[Round "8.3"]
[White "Moser, Eva"]
[Black "Thiede, Lars"]
[Result "1/2-1/2"]
[WhiteElo "2453"]
[BlackElo "2446"]
[PlyCount "147"]
[EventDate "2014.11.20"]
[EventType "team-tourn"]
[EventRounds "11"]
[EventCountry "AUT"]
[SourceTitle "EXT 2016"]
[Source "ChessBase"]
[SourceDate "2015.10.08"]
[SourceVersion "1"]
[SourceVersionDate "2015.10.08"]
[SourceQuality "1"]
[WhiteTeam "Wolfsberg"]
[BlackTeam "Wulkaprodersdorf"]
[WhiteTeamCountry "AUT"]
[BlackTeamCountry "AUT"]

1. g3 g6 2. Bg2 Bg7 3. e4 c5 4. f4 Nc6 5. Nf3 d6 6. d3 Nf6 7. O-O O-O 8. Nh4 c4
9. h3 cxd3 10. Qxd3 e5 11. f5 d5 12. exd5 e4 13. Qd2 Qb6+ 14. Kh2 Nd4 15. Nc3
Nxf5 16. Nxf5 Bxf5 17. Qf2 Qa5 18. Bd2 Qd8 19. Rad1 Re8 20. Be3 h5 21. d6 h4
22. Ne2 Bg4 23. gxh4 Bxe2 24. Qxe2 Qd7 25. Kg1 Nh5 26. Qg4 Re6 27. Rd5 Nf6 28.
Rxf6 Bxf6 29. h5 Bxb2 30. hxg6 fxg6 31. Bf1 Kg7 32. c3 Bxc3 33. Rc5 Rxd6 34.
Rxc3 Qxg4+ 35. hxg4 Rc6 36. Rb3 b6 37. g5 Rd8 38. Ra3 Rc7 39. Be2 Rd5 40. Ra4
Ra5 41. Rxa5 bxa5 42. a4 Kf7 43. Kf2 Rc2 44. Bxa7 Ra2 45. Ke3 Ra3+ 46. Kxe4
Rxa4+ 47. Ke5 Ra1 48. Bc4+ Kg7 49. Bd4 Re1+ 50. Kd5+ Kh7 51. Bb3 Rc1 52. Bf6
Rc7 53. Kd4 Rc8 54. Kd3 Rc7 55. Kd2 Rc8 56. Bc2 Rc5 57. Bb3 Rc8 58. Bc2 Rc5 59.
Kc1 a4 60. Kb1 a3 61. Bb3 Rb5 62. Ka2 Ra5 63. Bd8 Ra8 64. Bc7 Ra7 65. Bf4 Ra8
66. Bd2 Ra7 67. Bb4 Ra6 68. Bc2 Ra7 69. Bb1 Ra8 70. Bd2 Rd8 71. Bc1 Ra8 72. Ka1
Ra5 73. Ba2 Rc5 74. Bxa3 1/2-1/2

[Event "AUT-chT 1415"]
[Site "Austria"]
[Date "2015.02.28"]
[Round "7.4"]
[White "Maiwald, Jens Uwe"]
[Black "Moser, Eva"]
[Result "1/2-1/2"]
[WhiteElo "2473"]
[BlackElo "2453"]
[PlyCount "130"]
[EventDate "2014.11.20"]
[EventType "team-tourn"]
[EventRounds "11"]
[EventCountry "AUT"]
[SourceTitle "EXT 2016"]
[Source "ChessBase"]
[SourceDate "2015.10.08"]
[SourceVersion "1"]
[SourceVersionDate "2015.10.08"]
[SourceQuality "1"]
[WhiteTeam "Mayrhofen/Zillertal"]
[BlackTeam "Wolfsberg"]
[WhiteTeamCountry "AUT"]
[BlackTeamCountry "AUT"]

1. Nf3 c5 2. g3 Nc6 3. Bg2 e5 4. d3 g6 5. c4 Bg7 6. Nc3 Nge7 7. Nd2 a6 8. Nf1
b5 9. Ne3 Rb8 10. Ned5 Nxd5 11. Nxd5 h6 12. O-O Ne7 13. Be3 d6 14. cxb5 axb5
15. b4 Nxd5 16. Bxd5 O-O 17. bxc5 Bh3 18. Qb3 Bxf1 19. Rxf1 Kh7 20. Rc1 dxc5
21. Rxc5 Qd7 22. Bc6 Qg4 23. Bf3 Qa4 24. Qxa4 bxa4 25. Ra5 e4 26. Bxe4 Rb2 27.
Rxa4 Rxe2 28. Ra7 Rd8 29. Rxf7 Rxa2 30. h4 h5 31. Rc7 Ra6 32. g4 hxg4 33. h5
Kg8 34. hxg6 Bd4 35. Bg5 Rdd6 36. Bh6 Rxg6 37. Bxg6 Rxg6 38. Be3 Bg7 39. Rd7 g3
40. f4 Re6 41. Bc5 Bh6 42. Bd6 Re2 43. Be5 Rf2 44. Rd8+ Kh7 45. Rh8+ Kg6 46.
Rg8+ Kf5 47. Rxg3 Ra2 48. d4 Re2 49. Rh3 Bxf4 50. Rf3 Rxe5 51. dxe5 Kxe5 52.
Kg2 Ke4 53. Ra3 Be5 54. Ra4+ Bd4 55. Kg3 Kd5 56. Kf3 Bb6 57. Rh4 Bc5 58. Rh5+
Kc6 59. Ke4 Bf2 60. Rf5 Bg1 61. Rf6+ Kb7 62. Kd5 Bh2 63. Rg6 Bf4 64. Kc5 Be3+
65. Kb5 Kc7 1/2-1/2

[Event "AUT-chT 1415"]
[Site "Austria"]
[Date "2015.02.27"]
[Round "6.4"]
[White "Moser, Eva"]
[Black "Martinovic, Sasa"]
[Result "0-1"]
[WhiteElo "2453"]
[BlackElo "2535"]
[PlyCount "96"]
[EventDate "2014.11.20"]
[EventType "team-tourn"]
[EventRounds "11"]
[EventCountry "AUT"]
[SourceTitle "EXT 2016"]
[Source "ChessBase"]
[SourceDate "2015.10.08"]
[SourceVersion "1"]
[SourceVersionDate "2015.10.08"]
[SourceQuality "1"]
[WhiteTeam "Wolfsberg"]
[BlackTeam "Hohenems"]
[WhiteTeamCountry "AUT"]
[BlackTeamCountry "AUT"]

1. e4 c5 2. d3 Nc6 3. g3 g6 4. Bg2 Bg7 5. f4 d6 6. Nf3 e6 7. O-O Nge7 8. c3 O-O
9. Be3 b6 10. Bf2 e5 11. a4 exf4 12. gxf4 d5 13. Na3 Bg4 14. Qe1 Qd7 15. Bh4
Rae8 16. Qg3 f6 17. Nc2 Be6 18. Rfe1 h6 19. Qf2 dxe4 20. dxe4 Bb3 21. Ne3 Rd8
22. Bg3 Kh7 23. f5 g5 24. h4 gxh4 25. Bxh4 h5 26. e5 Ng8 27. e6 Qe8 28. Nd2
Rxd2 29. Qxd2 Bh6 30. Qd7+ Qxd7 31. exd7 Ne5 32. Nd5 Nxd7 33. a5 b5 34. Re6 Rf7
35. Ra6 Rg7 36. Rxa7 Bxd5 37. Rxd7 Rxd7 38. Rd1 Be3+ 39. Kh2 Bc6 40. Rxd7+ Bxd7
41. c4 Bf4+ 42. Kh1 bxc4 43. Bf2 Bc7 44. a6 Bb6 45. Bf1 Bb5 46. b4 cxb3 47.
Bxb5 b2 48. Bd3 c4 0-1

[Event "AUT-chT 1415"]
[Site "Austria"]
[Date "2015.02.26"]
[Round "5.3"]
[White "Predojevic, Borki"]
[Black "Moser, Eva"]
[Result "1-0"]
[WhiteElo "2610"]
[BlackElo "2453"]
[PlyCount "75"]
[EventDate "2014.11.20"]
[EventType "team-tourn"]
[EventRounds "11"]
[EventCountry "AUT"]
[SourceTitle "EXT 2016"]
[Source "ChessBase"]
[SourceDate "2015.10.08"]
[SourceVersion "1"]
[SourceVersionDate "2015.10.08"]
[SourceQuality "1"]
[WhiteTeam "Maria Saal"]
[BlackTeam "Wolfsberg"]
[WhiteTeamCountry "AUT"]
[BlackTeamCountry "AUT"]

1. e4 d5 2. exd5 Qxd5 3. Nf3 Nf6 4. d4 g6 5. c4 Qd8 6. Nc3 Bg7 7. Be2 c5 8. d5
O-O 9. O-O Bg4 10. Re1 Nbd7 11. Ng5 Bxe2 12. Qxe2 Re8 13. Qc2 a6 14. a4 Qc7 15.
h3 Ne5 16. Qe2 Ned7 17. Qc2 Ne5 18. b3 e6 19. dxe6 fxe6 20. Bf4 Nf3+ 21. Nxf3
Qxf4 22. Rad1 Rac8 23. Ne4 Nxe4 24. Rxe4 Qf6 25. Qe2 Qb2 26. Qe3 Qc3 27. Rd3
Qf6 28. Rd7 Re7 29. Rxe7 Qxe7 30. Rxe6 Qd7 31. Re7 Qd1+ 32. Kh2 Qd6+ 33. g3 Bd4
34. Re8+ Rxe8 35. Qxe8+ Kg7 36. Ng5 Bxf2 37. Ne4 Qd4 38. Qe7+ 1-0

[Event "Steyr Landesliga 1415"]
[Site "Austria"]
[Date "2015.02.07"]
[Round "7.1"]
[White "Moser, Eva"]
[Black "Karner, Christoph"]
[Result "1-0"]
[WhiteElo "2440"]
[BlackElo "2333"]
[PlyCount "53"]
[EventDate "2014.09.27"]
[EventType "team-tourn"]
[EventRounds "11"]
[EventCountry "AUT"]
[SourceTitle "EXT 2016"]
[Source "ChessBase"]
[SourceDate "2015.10.08"]
[SourceVersion "1"]
[SourceVersionDate "2015.10.08"]
[SourceQuality "1"]
[WhiteTeam "Graz Schachamazonen"]
[BlackTeam "Graz Austria"]
[WhiteTeamCountry "AUT"]
[BlackTeamCountry "AUT"]

1. b3 e5 2. Bb2 Nc6 3. e3 Nf6 4. Bb5 Bd6 5. Na3 e4 6. f4 a6 7. Bxc6 dxc6 8. Nc4
Bc5 9. Qe2 O-O 10. Nh3 a5 11. Nf2 a4 12. O-O Re8 13. Ne5 a3 14. Bc3 Nd5 15.
Nxe4 Bf8 16. Nf2 f6 17. Ned3 b6 18. Qf3 Ba6 19. e4 Nxc3 20. dxc3 c5 21. Rfd1
Qe7 22. e5 Rab8 23. exf6 Qxf6 24. Ne5 Bb7 25. Qg3 Rbd8 26. Nfg4 Qe6 27. f5 1-0

[Event "BL 1415 (Women)"]
[Site "Germany"]
[Date "2015.01.25"]
[Round "7.2"]
[White "Moser, Eva"]
[Black "Levushkina, Elena"]
[Result "1-0"]
[WhiteElo "2440"]
[BlackElo "2318"]
[PlyCount "71"]
[EventDate "2014.09.27"]
[EventType "team-tourn"]
[EventRounds "11"]
[EventCountry "GER"]
[SourceTitle "CBM 166 Extra"]
[Source "ChessBase"]
[SourceDate "2015.06.18"]
[SourceVersion "1"]
[SourceVersionDate "2015.06.18"]
[SourceQuality "1"]
[WhiteTeam "Baden-Baden (W)"]
[BlackTeam "Friedberg (W)"]
[WhiteTeamCountry "GER"]
[BlackTeamCountry "GER"]

1. g3 d5 2. Nf3 Bg4 3. Bg2 c6 4. c4 e6 5. cxd5 Bxf3 6. Bxf3 cxd5 7. Nc3 Nf6 8.
O-O Nc6 9. Bg2 Be7 10. d3 O-O 11. Bd2 Qd7 12. a3 Rac8 13. b4 Nd4 14. e3 Nb5 15.
Ne2 e5 16. Qb3 Nc7 17. Bc3 Qf5 18. e4 Qh5 19. Ra2 dxe4 20. dxe4 Ne6 21. f4 exf4
22. Nxf4 Nxf4 23. Rxf4 Rfd8 24. Bf3 Qb5 25. Be2 Qc6 26. Ba1 Qb6+ 27. Kg2 Rc1
28. Bxf6 Rg1+ 29. Kh3 gxf6 30. Bg4 Kg7 31. Bf5 h5 32. Rh4 Qb5 33. Rxh5 Qf1+ 34.
Kh4 Rf8 35. Qe3 Qc1 36. Rd2 1-0

[Event "BL 1415 (Women)"]
[Site "Germany"]
[Date "2015.01.24"]
[Round "6.4"]
[White "Bulmaga, Irina"]
[Black "Moser, Eva"]
[Result "0-1"]
[WhiteElo "2365"]
[BlackElo "2440"]
[PlyCount "110"]
[EventDate "2014.09.27"]
[EventType "team-tourn"]
[EventRounds "11"]
[EventCountry "GER"]
[SourceTitle "CBM 166 Extra"]
[Source "ChessBase"]
[SourceDate "2015.06.18"]
[SourceVersion "1"]
[SourceVersionDate "2015.06.18"]
[SourceQuality "1"]
[WhiteTeam "Schwaebisch Hall (W)"]
[BlackTeam "Baden-Baden (W)"]
[WhiteTeamCountry "GER"]
[BlackTeamCountry "GER"]

1. e4 d6 2. d4 Nf6 3. Nc3 e5 4. Nf3 Nbd7 5. Rg1 exd4 6. Nxd4 Nc5 7. f3 c6 8.
Be3 Qc7 9. Qd2 Bd7 10. g4 b5 11. g5 Nh5 12. O-O-O g6 13. Nxc6 Qxc6 14. Bxb5 Qb7
15. Bxc5 Bxb5 16. Nxb5 Qxb5 17. Bxd6 Rd8 18. Qc3 Bg7 19. Qa3 Rxd6 20. Rxd6 Nf4
21. Rd2 Ne2+ 22. Rxe2 Qxe2 23. Rd1 Be5 24. Qa4+ Kf8 25. Qd7 Kg7 26. Qd5 Re8 27.
Kb1 Qxf3 28. a4 Bxh2 29. Rd4 Be5 30. Rb4 Qf1+ 31. Ka2 Qa6 32. c4 Qe6 33. Rb7
Qxd5 34. exd5 Bd4 35. b4 h5 36. gxh6+ Kxh6 37. d6 f5 38. Re7 Rd8 39. d7 f4 40.
c5 Kg5 41. Rf7 Kg4 42. Kb3 f3 43. Kc4 Be5 44. c6 Bc7 45. Kd5 Rh8 46. a5 Rh5+
47. Ke6 Re5+ 48. Kf6 Rf5+ 49. Kxg6 Rxf7 50. Kxf7 f2 51. Ke8 f1=Q 52. d8=Q Bxd8
53. Kxd8 Qf8+ 54. Kd7 Qxb4 55. c7 Qxa5 0-1

[Event "BL 1415 (Women)"]
[Site "Germany"]
[Date "2014.11.30"]
[Round "4.2"]
[White "Mikulewicz, Joanna"]
[Black "Moser, Eva"]
[Result "0-1"]
[WhiteElo "2086"]
[BlackElo "2440"]
[PlyCount "82"]
[EventDate "2014.09.27"]
[EventType "team-tourn"]
[EventRounds "11"]
[EventCountry "GER"]
[SourceTitle "CBM 166 Extra"]
[Source "ChessBase"]
[SourceDate "2015.06.18"]
[SourceVersion "1"]
[SourceVersionDate "2015.06.18"]
[SourceQuality "1"]
[WhiteTeam "Leipzig Allianz (W)"]
[BlackTeam "Baden-Baden (W)"]
[WhiteTeamCountry "GER"]
[BlackTeamCountry "GER"]

1. e4 d6 2. d4 Nf6 3. Nc3 Nbd7 4. Nf3 e5 5. Bc4 Be7 6. O-O O-O 7. h3 c6 8. a4
a5 9. Ba2 Qc7 10. Be3 Nb8 11. Nh2 Na6 12. Qf3 Nb4 13. Bb1 Be6 14. Ne2 d5 15.
Ng3 dxe4 16. Nxe4 Nxe4 17. Qxe4 Bd5 18. Qg4 f5 19. Qd1 Bd6 20. dxe5 Bxe5 21.
Nf3 Bxb2 22. c3 Bxc3 23. Ra3 Bb2 24. Ra2 Nxa2 25. Qc2 Bf6 26. Bxa2 Bxa2 27.
Qxa2+ Qf7 28. Qb1 g6 29. h4 b5 30. axb5 cxb5 31. Qxb5 a4 32. Ne5 Bxe5 33. Qxe5
Rfe8 34. Qc3 Qb3 35. Qxb3+ axb3 36. Rb1 Rab8 37. Kf1 Rec8 38. Ke2 Kf7 39. Kd3
Rb7 40. Rb2 Rd7+ 41. Ke2 Rc2+ 0-1

[Event "BL 1415 (Women)"]
[Site "Germany"]
[Date "2014.11.29"]
[Round "3.2"]
[White "Moser, Eva"]
[Black "Daemering, Katrin"]
[Result "1-0"]
[WhiteElo "2440"]
[BlackElo "2073"]
[PlyCount "65"]
[EventDate "2014.09.27"]
[EventType "team-tourn"]
[EventRounds "11"]
[EventCountry "GER"]
[SourceTitle "CBM 166 Extra"]
[Source "ChessBase"]
[SourceDate "2015.06.18"]
[SourceVersion "1"]
[SourceVersionDate "2015.06.18"]
[SourceQuality "1"]
[WhiteTeam "Baden-Baden (W)"]
[BlackTeam "Leipzig SG (W)"]
[WhiteTeamCountry "GER"]
[BlackTeamCountry "GER"]

1. g3 g6 2. Bg2 Bg7 3. e4 c5 4. d3 Nc6 5. f4 e6 6. Nf3 Nge7 7. c3 d6 8. O-O O-O
9. Be3 f5 10. exf5 gxf5 11. Kh1 Rb8 12. Re1 h6 13. Bg1 Qe8 14. d4 c4 15. d5
Nxd5 16. Nfd2 Nce7 17. Nxc4 Qb5 18. Nbd2 Qa6 19. a4 Rd8 20. Qb3 Kf7 21. Qa3 Rd7
22. Bf3 Rd8 23. Bf2 Bf8 24. Qb3 Bd7 25. Qd1 Qc6 26. Bxa7 Ra8 27. Bf2 Qc7 28. a5
Bc6 29. Nb6 Ra6 30. Qe2 e5 31. Qc4 Ke6 32. Kg1 Bg7 33. Nxd5 1-0

[Event "Steyr Landesliga 1415"]
[Site "Austria"]
[Date "2014.11.08"]
[Round "4.1"]
[White "Moser, Eva"]
[Black "Schnider, Gert"]
[Result "1/2-1/2"]
[WhiteElo "2440"]
[BlackElo "2380"]
[PlyCount "93"]
[EventDate "2014.09.27"]
[EventType "team-tourn"]
[EventRounds "11"]
[EventCountry "AUT"]
[SourceTitle "EXT 2016"]
[Source "ChessBase"]
[SourceDate "2015.10.08"]
[SourceVersion "1"]
[SourceVersionDate "2015.10.08"]
[SourceQuality "1"]
[WhiteTeam "Graz Schachamazonen"]
[BlackTeam "Fuerstenfeld/Hartberg"]
[WhiteTeamCountry "AUT"]
[BlackTeamCountry "AUT"]

1. e4 e5 2. Nf3 Nc6 3. d3 f5 4. Nc3 Nf6 5. Nd5 d6 6. Bg5 Be7 7. h4 Be6 8. Nxe7
Qxe7 9. h5 O-O-O 10. h6 d5 11. exf5 Bxf5 12. Be2 g6 13. c3 Rhf8 14. O-O Rde8
15. Nd2 Kb8 16. b4 Nd8 17. Nb3 Ne6 18. Bd2 g5 19. Nc5 Nf4 20. Re1 Bc8 21. c4 b6
22. Nb3 Bb7 23. c5 Qf7 24. b5 N6h5 25. Rf1 Nxe2+ 26. Qxe2 Nf4 27. Qd1 Qg6 28.
d4 e4 29. a4 Qxh6 30. a5 Bc8 31. axb6 cxb6 32. cxb6 axb6 33. Nc5 bxc5 34. Bxf4+
Rxf4 35. Qa4 Bb7 36. Qa7+ Kc8 37. Qxc5+ Kd8 38. Rfc1 Rf7 39. Ra7 Qe6 40. Qa3
Qb6 41. Rc6 Qxb5 42. Qd6+ Rd7 43. Qf6+ Ree7 44. Rb6 Qe2 45. Rbxb7 Qd1+ 46. Kh2
Qh5+ 47. Kg1 1/2-1/2

[Event "Steyr Landesliga 1415"]
[Site "Austria"]
[Date "2014.10.11"]
[Round "2.1"]
[White "Moser, Eva"]
[Black "Meszaros, Michal"]
[Result "1-0"]
[WhiteElo "2440"]
[BlackElo "2408"]
[PlyCount "75"]
[EventDate "2014.09.27"]
[EventType "team-tourn"]
[EventRounds "11"]
[EventCountry "AUT"]
[SourceTitle "EXT 2016"]
[Source "ChessBase"]
[SourceDate "2015.10.08"]
[SourceVersion "1"]
[SourceVersionDate "2015.10.08"]
[SourceQuality "1"]
[WhiteTeam "Graz Schachamazonen"]
[BlackTeam "Horn Ratten Krieglach"]
[WhiteTeamCountry "AUT"]
[BlackTeamCountry "AUT"]

1. e4 c5 2. Nf3 d6 3. Bc4 a6 4. a4 Nc6 5. O-O Nf6 6. Re1 e6 7. Bf1 Be7 8. c3 e5
9. d4 Qc7 10. d5 Nd8 11. b4 O-O 12. bxc5 dxc5 13. Na3 Ne8 14. Nc4 f6 15. Qb3
Nf7 16. Qb6 Rb8 17. Be3 Bg4 18. Nfd2 Rc8 19. f3 Bd7 20. Nb3 f5 21. Qxc7 Rxc7
22. Nb6 Nf6 23. Nxd7 Nxd7 24. exf5 c4 25. Nd2 Nd6 26. g4 Bh4 27. Red1 Nf6 28.
Nb1 h6 29. Na3 Rfc8 30. Rab1 Rd7 31. h3 Kf7 32. Rb4 a5 33. Rbb1 Ke7 34. Bb6 Ke8
35. Rb2 Bg3 36. Bxa5 Ra8 37. Bb4 Rxa4 38. Nxc4 1-0

[Event "BL 1415 (Women)"]
[Site "Germany"]
[Date "2014.09.28"]
[Round "2.4"]
[White "Moser, Eva"]
[Black "Girya, Olga"]
[Result "1-0"]
[WhiteElo "2440"]
[BlackElo "2476"]
[PlyCount "121"]
[EventDate "2014.09.27"]
[EventType "team-tourn"]
[EventRounds "11"]
[EventCountry "GER"]
[SourceTitle "CBM 162 Extra"]
[Source "ChessBase"]
[SourceDate "2014.10.17"]
[SourceVersion "1"]
[SourceVersionDate "2014.10.17"]
[SourceQuality "1"]
[WhiteTeam "Baden-Baden (W)"]
[BlackTeam "Bad Koenigshofen (W)"]
[WhiteTeamCountry "GER"]
[BlackTeamCountry "GER"]

1. g3 d5 2. Nf3 c6 3. Bg2 Bg4 4. O-O Nd7 5. d3 Ngf6 6. Nbd2 e5 7. e4 Bd6 8. h3
Bh5 9. exd5 cxd5 10. c4 d4 11. b4 O-O 12. a3 a5 13. Rb1 Bg6 14. Qc2 axb4 15.
axb4 Bf5 16. g4 Bg6 17. Nh4 Qc7 18. Nxg6 hxg6 19. c5 Be7 20. Nc4 b5 21. Bxa8
Rxa8 22. Na5 Nd5 23. Bd2 Nf8 24. Qd1 Ne6 25. Qf3 Rd8 26. Rfd1 Bg5 27. Be1 Nc3
28. Qb7 Nxb1 29. Qxc7 Nxc7 30. Rxb1 Nd5 31. Nc6 Ra8 32. Nxe5 Nc3 33. Rb2 Ra1
34. Nf3 Bf4 35. Kg2 Rd1 36. Bd2 Nd5 37. c6 Kf8 38. Bxf4 Nxf4+ 39. Kg3 Nd5 40.
Rc2 Nc7 41. Ne5 f6 42. Nd7+ Ke7 43. Nc5 Rb1 44. Kf4 Rxb4 45. Ke4 Kd6 46. Nb7+
Ke6 47. Nc5+ Kd6 48. f4 f5+ 49. gxf5 gxf5+ 50. Kxf5 Nd5 51. Ne4+ Kc7 52. Ke5
Ne7 53. Ke6 Ng6 54. Nc5 Rb1 55. Na6+ Kc8 56. Kd6 Nxf4 57. Rf2 g5 58. h4 Re1 59.
Nc5 Re2 60. Rxe2 Nxe2 61. Nd7 1-0

[Event "BL 1415 (Women)"]
[Site "Germany"]
[Date "2014.09.27"]
[Round "1.4"]
[White "Korenova, Martina"]
[Black "Moser, Eva"]
[Result "0-1"]
[WhiteElo "2237"]
[BlackElo "2440"]
[PlyCount "92"]
[EventDate "2014.09.27"]
[EventType "team-tourn"]
[EventRounds "11"]
[EventCountry "GER"]
[SourceTitle "CBM 162 Extra"]
[Source "ChessBase"]
[SourceDate "2014.10.17"]
[SourceVersion "1"]
[SourceVersionDate "2014.10.17"]
[SourceQuality "1"]
[WhiteTeam "Rodewisch (W)"]
[BlackTeam "Baden-Baden (W)"]
[WhiteTeamCountry "GER"]
[BlackTeamCountry "GER"]

1. Nf3 Nf6 2. g3 b5 3. Bg2 Bb7 4. d4 e6 5. Nbd2 c5 6. c3 cxd4 7. cxd4 Qb6 8.
O-O Nc6 9. a4 Nxd4 10. Nxd4 Bxg2 11. Kxg2 Qxd4 12. axb5 Qd5+ 13. e4 Qxb5 14.
Qa4 Qxa4 15. Rxa4 d5 16. g4 Bc5 17. g5 Nxe4 18. Nxe4 dxe4 19. Be3 Bxe3 20. fxe3
h6 21. gxh6 Rxh6 22. Rxe4 Rc8 23. Rb4 Rg6+ 24. Kh1 Rc7 25. Ra1 Rg5 26. Rb8+ Ke7
27. Ra8 Rb5 28. R8xa7 Rxa7 29. Rxa7+ Kf6 30. Ra2 Rb3 31. Kg2 Rxe3 32. b4 Rb3
33. Rf2+ Kg6 34. Rf4 e5 35. Re4 Kf5 36. Rc4 f6 37. Kf2 e4 38. h4 Kf4 39. h5
Rb2+ 40. Ke1 Kf3 41. h6 gxh6 42. Rc6 f5 43. Rxh6 Rb1+ 44. Kd2 e3+ 45. Kd3 Rd1+
46. Kc2 e2 0-1

[Event "Olympiad Women-41"]
[Site "Tromsoe"]
[Date "2014.08.14"]
[Round "11.1"]
[White "Sukandar, Irine Kharisma"]
[Black "Moser, Eva"]
[Result "0-1"]
[WhiteElo "2396"]
[BlackElo "2456"]
[PlyCount "82"]
[EventDate "2014.08.02"]
[EventType "team-swiss"]
[EventRounds "11"]
[EventCountry "NOR"]
[SourceTitle "CBM 162"]
[Source "ChessBase"]
[SourceDate "2014.09.17"]
[SourceVersion "1"]
[SourceVersionDate "2014.09.17"]
[SourceQuality "1"]
[WhiteTeam "Indonesia (W)"]
[BlackTeam "Austria (W)"]
[WhiteTeamCountry "INA"]
[BlackTeamCountry "AUT"]

1. e4 d6 2. d4 Nf6 3. Nc3 e5 4. Nf3 Nbd7 5. Bc4 Be7 6. O-O O-O 7. Re1 c6 8. a4
a5 9. Ba2 h6 10. h3 Nh7 11. Be3 Ng5 12. Nd2 Nb6 13. dxe5 dxe5 14. Qh5 Nd7 15.
Rad1 Qc7 16. Nc4 Nf6 17. Qe2 Nd7 18. Qh5 Nf6 19. Qe2 Nd7 20. Rd2 Nc5 21. Red1
Be6 22. f3 Bxc4 23. Qxc4 Nge6 24. Ne2 Rfd8 25. Ng3 Rxd2 26. Rxd2 Bg5 27. Bxg5
hxg5 28. Qe2 Qb6 29. Qe3 Qxb2 30. c3 Qa3 31. Nf5 Qxa4 32. Bxe6 Nxe6 33. Rd7 Qb3
34. Nd6 Nf8 35. Rxf7 Qd1+ 36. Kh2 Qxd6 37. Rxb7 Qf6 38. Qd3 a4 39. Qc4+ Qe6 40.
Qb4 a3 41. Re7 Qxe7 0-1